000 00584nam a2200217 4500
005 20250929071000.0
020 _a9788131265291
_cTZS 37,823/=
040 _aMUL
_beng.
_eAACR2
082 _a347.06 MON
100 _aMONIR,M. (Author)
245 _aText on the law of evidence
_c/M Monir
250 _a12th ed.
260 _aHaryana, India:
_bLexisNexis,
_cc 2021.
300 _alxxvi,588 p. :
_bill. ;
_c25 cm.
504 _aIncludes index p. 579 - 588
546 _aeng.
650 _aLaw of evidence
650 _aCivil cases
650 _a Documentary evidence
942 _cBK
999 _c11327
_d11327